书目信息 |
| 题名: |
京津风沙源治理工程二期规划思路研究
|
|
| 作者: | ;京津风沙源治理工程二期规划思路研究项目组 编著 | |
| 分册: | ||
| 出版信息: | 北京 中国林业出版社 2013 |
|
| 页数: | 20,188页 | |
| 开本: | 26cm | |
| 丛书名: | ||
| 单 册: | ||
| 中图分类: | P942.207.3 | |
| 科图分类: | ||
| 主题词: | 沙漠治理--规划--研究--华北地区 , 沙漠治理 | |
| 电子资源: | ||
| ISBN: | 978-7-5038-7112-2 | |
| 000 | 00990nam0 2200241 450 | |
| 001 | 012015000769 | |
| 005 | 20150914155405.12 | |
| 010 | @a978-7-5038-7112-2@dCNY128.00 | |
| 100 | @a20140108d2013 em y0chiy50 ea | |
| 101 | 0 | @achi |
| 102 | @aCN@b110000 | |
| 105 | @ay z 000yy | |
| 106 | @ar | |
| 200 | 1 | @a京津风沙源治理工程二期规划思路研究@Ajing jin feng sha yuan zhi li gong cheng er qi gui hua si lu yan jiu@f京津风沙源治理工程二期规划思路研究项目组编著 |
| 210 | @a北京@c中国林业出版社@d2013 | |
| 215 | @a20,188页@d26cm | |
| 330 | @a本书主要内容包括:京津风沙源治理工程一期取得的效益、实施京津风沙源治理工程二期的必要性与可行性、影响京津地区的沙尘天气特征分析等。 | |
| 606 | 0 | @a沙漠治理@x规划@x研究@y华北地区 |
| 606 | 0 | @a沙漠治理 |
| 690 | @aP942.207.3@v5 | |
| 711 | 02 | @a京津风沙源治理工程二期规划思路研究项目组@Ajing jin feng sha yuan zhi li gong cheng er qi gui hua si lu yan jiu xiang mu zu@4编著 |
| 801 | 0 | @aCN@b碧洲教育@c20150718 |
| 905 | @a10447@f2@dP942.207.3@e152 | |
| 京津风沙源治理工程二期规划思路研究/京津风沙源治理工程二期规划思路研究项目组编著.-北京:中国林业出版社,2013 |
| 20,188页;26cm |
| ISBN 978-7-5038-7112-2:CNY128.00 |
| 本书主要内容包括:京津风沙源治理工程一期取得的效益、实施京津风沙源治理工程二期的必要性与可行性、影响京津地区的沙尘天气特征分析等。 |
| ● |
| 相关链接 |
|
|
|
|
正题名:京津风沙源治理工程二期规划思路研究
索取号:P942.207.3/152
 
预约/预借
| 序号 | 登录号 | 条形码 | 馆藏地/架位号 | 状态 | 备注 |
| 1 | 0848100 | 208481007 | 第二样本阅览室/ [索取号:P942.207.3/152] | 在馆 | |
| 2 | 0848101 | 208481016 | 第三借阅区/ [索取号:P942.207.3/152] | 在馆 |